[Event "Junior Online 4NCL Division 5"]
[Site "online"]
[Date "2021.02.18"]
[EventDate "2021.02.18"]
[Round "3.21"]
[White "Kucukyildiz, Alp Tugrul"]
[WhiteElo "1421"]
[WhiteTeam "KCJS 3"]
[Black "Sanger, Jake M"]
[BlackElo "2343"]
[BlackTeam "Lenzie Basilisks"]
[Result "0-1"]
[PlyCount "88"]

1. e4 e6 2. d4 d5 3. e5 c5 4. c3 Nc6 5. Nf3 Bd7 6. Nbd2 Qb6 7. Nb3 cxd4 8. cxd4 a5 9. a4 Bb4+ 10. Ke2 Nge7 11. Qc2 Rc8 12. Qd3 O-O 13. Be3 Nf5 14. g3 f6 15. Bg2 fxe5 16. dxe5 Nxe3 17. Qxe3 Qa6+ 18. Qd3 Qb6 19. Qe3 Qd8 20. Rhc1 Qe7 21. Kf1 Rf7 22. Rc2 Rcf8 23. Rac1 Rf5 24. Nh4 Rxe5 25. Qb6 Bc8 26. Nd4 Qf6 27. Nhf3 Re4 28. Nxc6 bxc6 29. Rxc6 Bd7 30. Rc7 Bxa4 31. Rc8 Be8 32. Qb8 Qxb2 33. Rd1 Qb3 34. Rdc1 Qd3+ 35. Kg1 Bh5 36. Rxf8+ Bxf8 37. Ng5 Rc4 38. Rxc4 Qd1+ 39. Bf1 Be2 40. h4 Qxf1+ 41. Kh2 Qxf2+ 42. Kh3 Bf1+ 43. Kg4 Qf5+ 44. Kh5 g6# 0-1

[Event "Junior Online 4NCL Division 5"]
[Site "online"]
[Date "2021.02.18"]
[EventDate "2021.02.18"]
[Round "3.22"]
[White "Moroz, Michael"]
[WhiteElo "1330"]
[WhiteTeam "Lenzie Basilisks"]
[Black "Singh, Hari"]
[BlackElo "1283"]
[BlackTeam "KCJS 3"]
[Result "1/2-1/2"]
[PlyCount "121"]

1. e4 c5 2. c3 d6 3. d4 b6 4. Nf3 e6 5. Bd3 Nc6 6. Bb5 Bd7 7. Bf4 a6 8. Bxc6 Bxc6 9. Nbd2 d5 10. exd5 Bxd5 11. c4 Bc6 12. Nb3 cxd4 13. Nbxd4 Bb4+ 14. Bd2 Bxd2+ 15. Qxd2 Bxf3 16. Nxf3 Qxd2+ 17. Nxd2 Nf6 18. O-O-O Ng4 19. Ne4 f5 20. f3 Ne3 21. Rd3 Nxc4 22. Nd6+ Nxd6 23. Rxd6 Ra7 24. Rxe6+ Kf7 25. Rxb6 Rc7+ 26. Kb1 a5 27. Rc1 Rxc1+ 28. Kxc1 Rc8+ 29. Kd2 Rd8+ 30. Ke3 g6 31. Ra6 Rd5 32. Rb6 Kg7 33. Kf4 Rd2 34. Kg3 f4+ 35. Kh3 Kh6 36. g3 Rd3 37. Kg4 fxg3 38. hxg3 Rd4+ 39. f4 Rd5 40. a3 Rc5 41. b4 axb4 42. axb4 Rc1 43. b5 Rb1 44. f5 Rb4+ 45. Kh3 Rb1 46. fxg6 hxg6 47. Rb8 Kg5 48. b6 Kf6 49. b7 Kg5 50. Kh2 Rb2+ 51. Kh3 Rb1 52. Kg2 Rb2+ 53. Kf1 Rb3 54. Kf2 Rb2+ 55. Ke1 Rb3 56. Kf2 Rb2+ 57. Kf3 Rb3+ 58. Kg2 Rb2+ 59. Kh3 Rb3 60. Kh2 Rb2+ 61. Kh3 1/2-1/2

[Event "Junior Online 4NCL Division 5"]
[Site "online"]
[Date "2021.02.18"]
[EventDate "2021.02.18"]
[Round "3.23"]
[White "Buanne, Giulio"]
[WhiteElo "1351"]
[WhiteTeam "KCJS 3"]
[Black "Kitaev, Daniel"]
[BlackElo "1405"]
[BlackTeam "Lenzie Basilisks"]
[Result "0-1"]
[PlyCount "100"]

1. e4 d5 2. Nf3 dxe4 3. Ng1 e5 4. Nc3 Nf6 5. d3 Bb4 6. Bd2 Nc6 7. a3 Ba5 8. b4 Bb6 9. a4 a6 10. dxe4 Nxb4 11. Nf3 Nc6 12. Be2 O-O 13. O-O Bg4 14. h3 Bh5 15. Qc1 Nd4 16. Nxd4 Bxd4 17. Qe1 Bg6 18. Rd1 Qe7 19. Bf3 Rad8 20. Nd5 Nxd5 21. exd5 Qd6 22. Bb4 Bc5 23. Bd2 Rfe8 24. c4 e4 25. Be2 e3 26. Bxe3 Bxe3 27. fxe3 Rxe3 28. Kh1 Rde8 29. Qf2 Rxe2 30. Qf3 R2e3 31. Qg4 Qg3 32. Qxg3 Rxg3 33. Rde1 Rge3 34. Rxe3 Rxe3 35. Kg1 f6 36. Kf2 Rc3 37. d6 cxd6 38. Rd1 Rxc4 39. Rxd6 Rxa4 40. Rb6 Be4 41. g4 Ra3 42. h4 Bc6 43. Rb2 a5 44. Rd2 a4 45. Rd8+ Kf7 46. Rd6 Ra1 47. Ke2 a3 48. Rd1 Rxd1 49. Kxd1 a2 50. Kc1 a1=Q+ 0-1

[Event "Junior Online 4NCL Division 5"]
[Site "online"]
[Date "2021.02.18"]
[EventDate "2021.02.18"]
[Round "3.24"]
[White "Marenduzzo, Ollie"]
[WhiteElo "968"]
[WhiteTeam "Lenzie Basilisks"]
[Black "Qiu, Winston"]
[BlackElo "1240"]
[BlackTeam "KCJS 3"]
[Result "0-1"]
[PlyCount "140"]

1. e4 c6 2. d4 d5 3. exd5 cxd5 4. Nc3 Nf6 5. Nf3 e6 6. Bg5 Nc6 7. Bb5 Bd7 8. O-O a6 9. Bxc6 Bxc6 10. Re1 Bb4 11. Qd3 Bb5 12. Qd2 Rc8 13. a3 Bxc3 14. bxc3 O-O 15. Ne5 h6 16. Bh4 g5 17. Bg3 Ne4 18. Qe3 Rxc3 19. Qc1 Ba4 20. Re2 Qc7 21. Ra2 Nxg3 22. hxg3 Rc8 23. Ng4 Rxc2 24. Raxc2 Bxc2 25. Qe1 Kg7 26. Kh2 Bd3 27. Re3 Bf5 28. Ne5 f6 29. g4 fxe5 30. Rg3 Be4 31. f3 Bg6 32. dxe5 Rh8 33. Rh3 h5 34. Qb4 Qxe5+ 35. Kh1 b5 36. gxh5 Rxh5 37. Qe7+ Kh6 38. Qf8+ Kh7 39. Qe7+ Kg8 40. Qd8+ Kf7 41. Qd7+ Kf6 42. Qd8+ Kf5 43. Qf8+ Qf6 44. g4+ Kf4 45. Qd6+ Qe5 46. Qf8+ Ke3 47. gxh5 Bf5 48. f4+ Kxf4 49. h6 Kg4 50. h7 Qe1+ 51. Kh2 Qf2+ 52. Kh1 Be4+ 53. Rf3 Bxf3+ 54. Qxf3+ Qxf3+ 55. Kh2 Qf8 56. Kg2 Qh8 57. Kf2 Qxh7 58. Ke3 e5 59. Kd2 e4 60. Ke3 Qh3+ 61. Kd4 Qd3+ 62. Ke5 e3 63. Kf6 e2 64. Kf7 e1=Q 65. Kg7 Qf3 66. Kh6 Qe6+ 67. Kh7 Qh3+ 68. Kg7 Qf3 69. Kh7 Qff7+ 70. Kh8 Qee8# 0-1

[Event "Junior Online 4NCL Division 5"]
[Site "online"]
[Date "2021.02.18"]
[EventDate "2021.02.18"]
[Round "3.25"]
[White "Sanger, Jake M"]
[WhiteElo "2343"]
[WhiteTeam "Lenzie Basilisks"]
[Black "Kucukyildiz, Alp Tugrul"]
[BlackElo "1421"]
[BlackTeam "KCJS 3"]
[Result "1-0"]
[PlyCount "71"]

1. d4 Nf6 2. c4 g6 3. Nc3 Bg7 4. e4 d6 5. Nf3 Bg4 6. Be2 Nfd7 7. O-O e5 8. d5 Na6 9. Rb1 c5 10. dxc6 bxc6 11. Qxd6 Rc8 12. Be3 Qc7 13. Rfd1 Qxd6 14. Rxd6 Bf8 15. Rd2 Nac5 16. b4 Ne6 17. Bxa7 Nf4 18. Bf1 Bxf3 19. gxf3 Bh6 20. Rbd1 Nh3+ 21. Bxh3 Bxd2 22. Rxd2 Rc7 23. Rxd7 Rxd7 24. Bxd7+ Kxd7 25. b5 Ra8 26. b6 Kc8 27. a4 Kb7 28. a5 Rd8 29. Na4 Rd1+ 30. Kg2 Ra1 31. Nc5+ Ka8 32. a6 Ra5 33. b7+ Kxa7 34. Nd7 Kxa6 35. b8=Q Rb5 36. Qa8# 1-0

[Event "Junior Online 4NCL Division 5"]
[Site "online"]
[Date "2021.02.18"]
[EventDate "2021.02.18"]
[Round "3.26"]
[White "Singh, Hari"]
[WhiteElo "1283"]
[WhiteTeam "KCJS 3"]
[Black "Moroz, Michael"]
[BlackElo "1330"]
[BlackTeam "Lenzie Basilisks"]
[Result "0-1"]
[PlyCount "71"]

1. d4 d5 2. Nf3 Nc6 3. e3 a6 4. Bd3 f6 5. Nbd2 e5 6. dxe5 fxe5 7. e4 dxe4 8. Nxe4 Bf5 9. Nc5 Bxd3 10. Nxd3 e4 11. Qe2 Qe7 12. Bg5 exf3 13. Qxe7+ Bxe7 14. Bxe7 Ngxe7 15. gxf3 O-O-O 16. O-O-O Rhf8 17. f4 Ng6 18. Rhg1 Nxf4 19. Nxf4 Rxd1+ 20. Kxd1 Rxf4 21. Rxg7 Rxf2 22. Rxh7 Nd4 23. c3 Ne6 24. Kc1 Ng5 25. Rh5 Nf3 26. Rf5 Rf1+ 27. Kc2 Nxh2 28. Rxf1 Nxf1 29. Kb3 Kd7 30. a4 Kc6 31. Kc4 Nd2+ 32. Kb4 Kb6 33. a5+ Kc6 34. Ka4 Kc5 35. Ka3 Kc4 36. Ka4 Nb3 0-1

[Event "Junior Online 4NCL Division 5"]
[Site "online"]
[Date "2021.02.18"]
[EventDate "2021.02.18"]
[Round "3.27"]
[White "Kitaev, Daniel"]
[WhiteElo "1405"]
[WhiteTeam "Lenzie Basilisks"]
[Black "Buanne, Giulio"]
[BlackElo "1351"]
[BlackTeam "KCJS 3"]
[Result "1-0"]
[PlyCount "95"]

1. c4 c5 2. Nc3 e5 3. g3 Nf6 4. Bg2 d6 5. e3 Be7 6. Nge2 O-O 7. O-O Nc6 8. d3 Bd7 9. Bd2 Bg4 10. Qb3 Bxe2 11. Nxe2 Rb8 12. Qc2 Qc7 13. a3 a6 14. b3 b5 15. Rab1 Ng4 16. h3 Nh6 17. f4 Nf5 18. fxe5 Nh6 19. Bxc6 Qxc6 20. e4 dxe5 21. Bxh6 gxh6 22. g4 Kh8 23. Ng3 Bh4 24. Nf5 Qf6 25. Qb2 Rbd8 26. Rbd1 Bg5 27. Ng3 Be3+ 28. Kg2 Qh4 29. Qxe5+ f6 30. Qe7 Rde8 31. Qb7 Bd4 32. Nf5 Qg5 33. Nxd4 cxd4 34. Qxa6 Qe3 35. Qxb5 f5 36. Qb4 f4 37. Qe1 f3+ 38. Kh2 Qf4+ 39. Qg3 Qe3 40. Rf2 Qf4 41. Qxf4 Rxf4 42. Rdf1 Ref8 43. Kg3 Kg7 44. Rxf3 Rxf3+ 45. Rxf3 Rxf3+ 46. Kxf3 Kf6 47. Kf4 h5 48. gxh5 1-0

[Event "Junior Online 4NCL Division 5"]
[Site "online"]
[Date "2021.02.18"]
[EventDate "2021.02.18"]
[Round "3.28"]
[White "Qiu, Winston"]
[WhiteElo "1240"]
[WhiteTeam "KCJS 3"]
[Black "Marenduzzo, Ollie"]
[BlackElo "968"]
[BlackTeam "Lenzie Basilisks"]
[Result "0-1"]
[PlyCount "70"]

1. c4 Nf6 2. d4 g6 3. Nc3 Bg7 4. e4 d6 5. Nf3 O-O 6. Be3 Bg4 7. h3 Bxf3 8. Qxf3 Nc6 9. Bd3 Nb4 10. O-O-O Nxd3+ 11. Rxd3 c6 12. Rhd1 Qa5 13. e5 dxe5 14. dxe5 Qxe5 15. Bf4 Qa5 16. Bd2 Qb6 17. Be3 Qa5 18. a3 Qe5 19. Bf4 Qc5 20. Rd4 e5 21. Ne4 Nxe4 22. Rxe4 exf4 23. Qxf4 Qb6 24. b4 c5 25. Rd6 Qc7 26. b5 Qa5 27. Qe3 Bd4 28. Qf3 Rae8 29. Rxe8 Rxe8 30. Kd1 Qa4+ 31. Kd2 Qxc4 32. Rd7 Qa2+ 33. Kd1 Qb1+ 34. Kd2 Qe1+ 35. Kd3 Qc3# 0-1

[Event "Junior Online 4NCL Division 5"]
[Site "online"]
[Date "2021.02.18"]
[EventDate "2021.02.18"]
[Round "3.31"]
[White "Shi, Shaoquan"]
[WhiteElo "1513"]
[WhiteTeam "London Dragons Kings"]
[Black "Tengayev, Arman"]
[BlackElo "1405"]
[BlackTeam "Desert Penguins Jupiter"]
[Result "1-0"]
[PlyCount "81"]

1. d4 Nf6 2. c4 e6 3. Nc3 Bb4 4. Bd2 b6 5. a3 Bxc3 6. Bxc3 Bb7 7. f3 O-O 8. e4 d6 9. Bd3 Nbd7 10. Ne2 c5 11. d5 e5 12. O-O Qe7 13. Qd2 a6 14. a4 Rab8 15. Ng3 Rfd8 16. Nf5 Qf8 17. Qg5 Ra8 18. f4 Kh8 19. fxe5 Nxe5 20. Qe3 Bc8 21. Bxe5 dxe5 22. Qg5 Bxf5 23. Rxf5 h6 24. Qh4 Qd6 25. Raf1 Rab8 26. Rxf6 gxf6 27. Qxh6+ Kg8 28. Rxf6 Qf8 29. Qg5+ Qg7 30. Qxe5 Re8 31. Qf5 Kf8 32. Be2 Rxe4 33. Bh5 Re7 34. Qf4 Rbb7 35. d6 Red7 36. Bf3 Ra7 37. Bc6 Rd8 38. d7 a5 39. Qd6+ Kg8 40. Qe7 Rc7 41. Qxd8+ 1-0

[Event "Junior Online 4NCL Division 5"]
[Site "online"]
[Date "2021.02.18"]
[EventDate "2021.02.18"]
[Round "3.32"]
[White "Quillaud, Maxime"]
[WhiteElo "1308"]
[WhiteTeam "Desert Penguins Jupiter"]
[Black "Xu, Jiarui"]
[BlackElo "1452"]
[BlackTeam "London Dragons Kings"]
[Result "0-1"]
[PlyCount "92"]

1. d4 d5 2. c4 e6 3. Nc3 Bb4 4. Bd2 Nc6 5. cxd5 exd5 6. e3 Nf6 7. Bd3 O-O 8. Nf3 Bg4 9. h3 Bh5 10. O-O Re8 11. Be2 Bxc3 12. Bxc3 Ne4 13. Qc2 Nxc3 14. Qxc3 a6 15. Rac1 Qd6 16. a3 Re7 17. Qc5 Qxc5 18. Rxc5 Rd8 19. Re1 f6 20. Nd2 Bxe2 21. Rxe2 Nxd4 22. Re1 Ne6 23. Rcc1 c6 24. Nb3 Red7 25. Red1 d4 26. exd4 Nxd4 27. Nxd4 Rxd4 28. Rxd4 Rxd4 29. Rc2 Kf7 30. Kf1 g5 31. Ke2 Ke6 32. Ke3 Rd5 33. Kf3 h5 34. g3 f5 35. Re2+ Re5 36. Rd2 Rd5 37. Re2+ Kf6 38. Kg2 g4 39. h4 Re5 40. Rd2 Ke6 41. f3 c5 42. f4 Re4 43. Kf2 b5 44. Rc2 Kd5 45. b3 c4 46. Rc1 cxb3 0-1

[Event "Junior Online 4NCL Division 5"]
[Site "online"]
[Date "2021.02.18"]
[EventDate "2021.02.18"]
[Round "3.33"]
[White "Fang, Moyao"]
[WhiteElo "1367"]
[WhiteTeam "London Dragons Kings"]
[Black "Dane, James"]
[BlackElo "1232"]
[BlackTeam "Desert Penguins Jupiter"]
[Result "1-0"]
[PlyCount "55"]

1. e4 c5 2. Nf3 d6 3. d4 cxd4 4. Nxd4 e6 5. c4 Nf6 6. Nc3 Be7 7. Be3 O-O 8. f3 e5 9. Nb3 Nc6 10. Qd2 Be6 11. O-O-O Rc8 12. Nb5 Nb8 13. Nxa7 Rc7 14. Bb6 Rxc4+ 15. Bxc4 Qxb6 16. Bxe6 fxe6 17. Qa5 Qe3+ 18. Kb1 Qf2 19. Rd2 Qe3 20. Nb5 Nc6 21. Qc3 Qb6 22. Nxd6 Bxd6 23. Rxd6 Qf2 24. Rd2 Qb6 25. Qc4 Re8 26. Rd6 Qf2 27. Rxe6 Qxg2 28. Rxe8# 1-0

[Event "Junior Online 4NCL Division 5"]
[Site "online"]
[Date "2021.02.18"]
[EventDate "2021.02.18"]
[Round "3.34"]
[White "Cleanis, Theo"]
[WhiteElo "1225"]
[WhiteTeam "Desert Penguins Jupiter"]
[Black "Zhu, Pengxiao"]
[BlackElo "1411"]
[BlackTeam "London Dragons Kings"]
[Result "0-1"]
[PlyCount "60"]

1. d4 d5 2. c4 e6 3. Nc3 Nf6 4. Bf4 Nc6 5. Nf3 Bd6 6. Bxd6 Qxd6 7. e3 O-O 8. Be2 Re8 9. O-O Bd7 10. Qc2 e5 11. dxe5 Nxe5 12. Rad1 c6 13. Rfe1 Nfg4 14. cxd5 Nxf3+ 15. Bxf3 Nxh2 16. g3 Nxf3+ 17. Kf1 Nxe1 18. Kxe1 cxd5 19. Rxd5 Qe6 20. Ne2 Qxd5 21. a3 Rac8 22. Qb1 Qh1+ 23. Kd2 Qxb1 24. Nc3 Qxb2+ 25. Kd3 Qxc3+ 26. Ke2 Bg4+ 27. Kf1 Qd2 28. Kg1 Rc2 29. Kh1 Qxf2 30. a4 Bf3# 0-1

[Event "Junior Online 4NCL Division 5"]
[Site "online"]
[Date "2021.02.18"]
[EventDate "2021.02.18"]
[Round "3.35"]
[White "Tengayev, Arman"]
[WhiteElo "1405"]
[WhiteTeam "Desert Penguins Jupiter"]
[Black "Shi, Shaoquan"]
[BlackElo "1513"]
[BlackTeam "London Dragons Kings"]
[Result "0-1"]
[PlyCount "30"]

1. d4 Nf6 2. c4 g6 3. Nc3 Bg7 4. g3 O-O 5. Bg2 c6 6. e3 Na6 7. Nge2 Nc7 8. O-O d6 9. Qc2 Bd7 10. b3 Qc8 11. Bb2 Bh3 12. Nf4 Bxg2 13. Nxg2 Qh3 14. Ne2 Ng4 15. f3 Qxh2# 0-1

[Event "Junior Online 4NCL Division 5"]
[Site "online"]
[Date "2021.02.18"]
[EventDate "2021.02.18"]
[Round "3.36"]
[White "Xu, Jiarui"]
[WhiteElo "1452"]
[WhiteTeam "London Dragons Kings"]
[Black "Quillaud, Maxime"]
[BlackElo "1308"]
[BlackTeam "Desert Penguins Jupiter"]
[Result "1-0"]
[PlyCount "107"]

1. e4 c5 2. Nf3 d6 3. Nc3 e6 4. Bb5+ Bd7 5. Bxd7+ Nxd7 6. d3 Ngf6 7. Bg5 Be7 8. O-O O-O 9. Qd2 Rc8 10. Rae1 Re8 11. h3 Qc7 12. a3 a6 13. Be3 b5 14. Ne2 Rb8 15. b3 Rec8 16. Bg5 b4 17. a4 a5 18. Ng3 Re8 19. Re2 Nb6 20. Rfe1 Rbd8 21. Qd1 Rd7 22. e5 Nfd5 23. Bxe7 Rdxe7 24. exd6 Qxd6 25. Ne4 Qc7 26. Qc1 h6 27. c4 Nf4 28. Rd2 Rd7 29. Re3 Red8 30. Qc2 Nc8 31. Ng3 Ne7 32. Ne2 Nf5 33. Re4 Nxe2+ 34. Rdxe2 Rxd3 35. Re1 Qc6 36. Ne5 Qc7 37. Nxd3 Nd4 38. Qd1 Qd6 39. Re5 f6 40. Rxc5 Nxb3 41. Qxb3 Qxd3 42. Qxd3 Rxd3 43. Rxa5 e5 44. Rb5 Rb3 45. c5 Rc3 46. Rxb4 Rxc5 47. Ra1 Ra5 48. Rb5 Ra6 49. a5 Kf8 50. Rb6 Ra8 51. a6 Ke8 52. a7 Kd8 53. Rb8+ Rxb8 54. axb8=Q+ 1-0

[Event "Junior Online 4NCL Division 5"]
[Site "online"]
[Date "2021.02.18"]
[EventDate "2021.02.18"]
[Round "3.37"]
[White "Dane, James"]
[WhiteElo "1232"]
[WhiteTeam "Desert Penguins Jupiter"]
[Black "Fang, Moyao"]
[BlackElo "1367"]
[BlackTeam "London Dragons Kings"]
[Result "1/2-1/2"]
[PlyCount "153"]

1. d4 Nf6 2. c4 g6 3. Nc3 Bg7 4. Bg5 O-O 5. e3 d6 6. Nf3 c5 7. Be2 Bd7 8. O-O a6 9. a3 Nc6 10. h3 Rb8 11. dxc5 dxc5 12. Rc1 Na5 13. Ne5 Be6 14. Qxd8 Rfxd8 15. Na4 Ne4 16. Bf4 Nb3 17. Rc2 b5 18. cxb5 axb5 19. Nc6 Rd2 20. Rxd2 Nexd2 21. Rd1 Rb7 22. Nc3 c4 23. Na5 Rd7 24. Nxb3 Nxb3 25. Rxd7 Bxd7 26. Bg4 Bxg4 27. hxg4 Bxc3 28. bxc3 Kg7 29. Be5+ f6 30. Bf4 e5 31. Bg3 Nc1 32. Kf1 Na2 33. Ke2 Nxc3+ 34. Kd2 Nb1+ 35. Kc2 Nxa3+ 36. Kc3 Nb1+ 37. Kc2 Na3+ 38. Kc3 Kh6 39. f4 exf4 40. Bxf4+ g5 41. Bd6 b4+ 42. Bxb4 Nb5+ 43. Kxc4 Nc7 44. Be7 Kg6 45. Kd4 Ne6+ 46. Ke4 Ng7 47. Kd5 Kf7 48. Bb4 Ne6 49. g3 Ng7 50. e4 Ne6 51. e5 fxe5 52. Kxe5 Ng7 53. Ke4 Kg6 54. Bc3 Ne8 55. Bd4 Nf6+ 56. Bxf6 Kxf6 57. Kd5 h6 58. Kd6 Kf7 59. Ke5 Ke7 60. Kf5 Kf7 61. Ke5 Kg6 62. Ke6 h5 63. gxh5+ Kxh5 64. Kf5 g4 65. Kf4 Kh6 66. Kxg4 Kg6 67. Kf4 Kf6 68. g4 Kg6 69. g5 Kf7 70. Kf5 Kg7 71. g6 Kg8 72. Kf6 Kf8 73. Kg5 Kg7 74. Kf5 Kg8 75. Kf6 Kf8 76. g7+ Kg8 77. Kg6 1/2-1/2

[Event "Junior Online 4NCL Division 5"]
[Site "online"]
[Date "2021.02.18"]
[EventDate "2021.02.18"]
[Round "3.38"]
[White "Zhu, Pengxiao"]
[WhiteElo "1411"]
[WhiteTeam "London Dragons Kings"]
[Black "Cleanis, Theo"]
[BlackElo "1225"]
[BlackTeam "Desert Penguins Jupiter"]
[Result "1-0"]
[PlyCount "107"]

1. d4 d5 2. c4 c6 3. cxd5 cxd5 4. Nf3 Nc6 5. Bf4 Nf6 6. Nc3 Bd7 7. e3 e6 8. Bd3 Be7 9. O-O O-O 10. Qc2 Nb4 11. Qd2 Nxd3 12. Qxd3 Nh5 13. Rac1 Nxf4 14. exf4 Rc8 15. Rfe1 Bf6 16. Ne5 g6 17. Nxd7 Qxd7 18. Rcd1 Qd6 19. Qe3 Rfe8 20. Nb5 Qb6 21. Qb3 a6 22. Nc3 Qxb3 23. axb3 Rc6 24. Nxd5 Rd6 25. Nxf6+ Kf8 26. Nxe8 Kxe8 27. d5 Kd7 28. dxe6+ fxe6 29. Rxd6+ Kxd6 30. Kf1 b5 31. Rc1 h5 32. Ke2 Kd5 33. Ke3 Kd6 34. Kd4 h4 35. g3 hxg3 36. fxg3 a5 37. h4 b4 38. Kc4 Ke7 39. Kb5 Kf6 40. Kxa5 Kf5 41. Kxb4 Kg4 42. Rg1 Kf3 43. g4 Kxf4 44. h5 Kg5 45. Kc5 e5 46. hxg6 Kxg6 47. Kd5 Kf6 48. g5+ Kg7 49. Kxe5 Kf7 50. g6+ Kg7 51. Ke6 Kg8 52. g7 Kh7 53. g8=Q+ Kh6 54. Rh1# 1-0

[Event "Junior Online 4NCL Division 5"]
[Site "online"]
[Date "2021.02.18"]
[EventDate "2021.02.18"]
[Round "3.41"]
[White "Ray, Ayush"]
[WhiteElo "1771"]
[WhiteTeam "Chess Challengers A"]
[Black "Chung, Daniel"]
[BlackElo "1482"]
[BlackTeam "Young Dragons B"]
[Result "0-1"]
[PlyCount "56"]

1. e4 c5 2. Nf3 e6 3. Nc3 Nc6 4. Bb5 a6 5. Bxc6 bxc6 6. d4 cxd4 7. Nxd4 d5 8. exd5 cxd5 9. O-O Bc5 10. Be3 Nf6 11. Re1 O-O 12. a3 Bd7 13. Qd3 e5 14. Nb3 Bxe3 15. fxe3 e4 16. Qd2 Bc6 17. Rad1 Re8 18. Nd4 Bb7 19. Nb3 Re5 20. Qd4 Rg5 21. g3 h5 22. Nc5 Rb8 23. Nxb7 Rxb7 24. b4 h4 25. Kg2 hxg3 26. hxg3 Qd6 27. Kf1 Qxg3 28. Ne2 Qg2# 0-1

[Event "Junior Online 4NCL Division 5"]
[Site "online"]
[Date "2021.02.18"]
[EventDate "2021.02.18"]
[Round "3.42"]
[White "Davies, Milo"]
[WhiteElo "1421"]
[WhiteTeam "Young Dragons B"]
[Black "Sidana, Rishabh"]
[BlackElo "1660"]
[BlackTeam "Chess Challengers A"]
[Result "1-0"]
[PlyCount "93"]

1. e4 e5 2. Nf3 Nc6 3. Bc4 Bc5 4. c3 Nf6 5. d3 d6 6. O-O Bg4 7. h3 Bh5 8. Bg5 O-O 9. Re1 h6 10. Bh4 g5 11. Bg3 g4 12. hxg4 Nxg4 13. Bh4 Qd7 14. Nbd2 Ne7 15. a4 Ng6 16. b4 Nxh4 17. bxc5 Ng6 18. cxd6 cxd6 19. d4 Kh7 20. dxe5 N4xe5 21. Nxe5 Nxe5 22. Qxh5 Nxc4 23. Nxc4 Rg8 24. Qf5+ Qxf5 25. exf5 d5 26. Nd6 Rg7 27. Nxb7 Rag8 28. g3 h5 29. Nd6 h4 30. Re7 hxg3 31. Rxf7 gxf2+ 32. Kxf2 Rxf7 33. Nxf7 Rf8 34. Nd6 Rf6 35. Nb5 Rxf5+ 36. Ke3 a6 37. Nc7 a5 38. Kd4 Kg6 39. Nxd5 Kf7 40. Ne3 Rf4+ 41. Kc5 Ke6 42. Kb5 Re4 43. Re1 Re5+ 44. Kc4 Re4+ 45. Kd3 Rxa4 46. Nc4+ Kd7 47. Nb6+ 1-0

[Event "Junior Online 4NCL Division 5"]
[Site "online"]
[Date "2021.02.18"]
[EventDate "2021.02.18"]
[Round "3.43"]
[White "Gupta, Shourya"]
[WhiteElo "1640"]
[WhiteTeam "Chess Challengers A"]
[Black "Challoner, Ethan"]
[BlackElo "1300"]
[BlackTeam "Young Dragons B"]
[Result "1/2-1/2"]
[PlyCount "153"]

1. e4 e5 2. Nc3 Nf6 3. f4 d6 4. d3 Nc6 5. Nf3 g6 6. Be3 Bg7 7. Be2 Nh5 8. fxe5 Nxe5 9. O-O Nf6 10. d4 Nc6 11. h3 O-O 12. Qd2 Qe7 13. Bd3 Nb4 14. a3 Nxd3 15. cxd3 Re8 16. Bh6 Bh8 17. Ng5 Be6 18. d5 Bd7 19. Qf4 Qe5 20. Qf2 Bg7 21. Bxg7 Kxg7 22. Nxh7 Kxh7 23. Qxf6 Qxf6 24. Rxf6 Kg7 25. Raf1 Re7 26. b4 Be8 27. a4 Rd7 28. b5 a6 29. R6f3 axb5 30. axb5 Ra3 31. Ne2 Rb3 32. Rg3 Rxb5 33. Nf4 Rd8 34. Nh5+ Kf8 35. Nf6 c6 36. Nxe8 Rxe8 37. Rgf3 Re7 38. dxc6 bxc6 39. Rf6 Rd7 40. d4 Kg7 41. R6f4 Rb4 42. Rd1 Re7 43. Kf2 g5 44. Rg4 Kh6 45. h4 gxh4 46. Rxh4+ Kg5 47. g3 Re6 48. Kg2 f5 49. exf5 Kxf5 50. Rf1+ Kg5 51. Kh3 c5 52. Rg4+ Kh6 53. Rf8 Kh7 54. Rf7+ Kh8 55. Rf8+ Kh7 56. Rf7+ Kh6 57. d5 Rg6 58. Rh4+ Rxh4+ 59. Kxh4 Rg7 60. Rf6+ Rg6 61. Rf5 Kg7 62. g4 Kh6 63. Rh5+ Kg7 64. Rf5 Rf6 65. Rg5+ Kh6 66. Rh5+ Kg7 67. g5 Rf5 68. Rh6 Rxd5 69. Kh5 Rf5 70. Rg6+ Kf7 71. Rxd6 Re5 72. Rf6+ Kg7 73. Rg6+ Kh7 74. Rh6+ Kg7 75. Rg6+ Kf7 76. Rf6+ Kg7 77. Rg6+ 1/2-1/2

[Event "Junior Online 4NCL Division 5"]
[Site "online"]
[Date "2021.02.18"]
[EventDate "2021.02.18"]
[Round "3.44"]
[White "Caesar, Isabella"]
[WhiteElo "1255"]
[WhiteTeam "Young Dragons B"]
[Black "Rajaram, Dilip"]
[BlackElo "1635"]
[BlackTeam "Chess Challengers A"]
[Result "1-0"]
[PlyCount "85"]

1. e4 c5 2. d4 cxd4 3. c3 dxc3 4. Nxc3 Nc6 5. Nf3 Nf6 6. Bd3 e6 7. O-O Be7 8. Be3 O-O 9. Re1 d5 10. e5 Ng4 11. Bf4 Bc5 12. Re2 Nxf2 13. Rxf2 Bxf2+ 14. Kxf2 f6 15. Kg1 fxe5 16. Bxe5 Nxe5 17. Nxe5 Qf6 18. Qe2 b6 19. Qh5 h6 20. Rf1 Qe7 21. Rxf8+ Qxf8 22. Qg6 Qd6 23. Qh7+ Kf8 24. Qh8+ Ke7 25. Qxg7+ Ke8 26. Qf7+ Kd8 27. Qg8+ Kc7 28. Nb5+ Kb8 29. Nxd6 Kc7 30. Nb5+ Kb7 31. Qf7+ Ka6 32. Nc7+ Ka5 33. Nxa8 d4 34. Nc6+ Ka4 35. b3+ Ka3 36. Qf1 Kb2 37. Qb1+ Ka3 38. Qc1+ Kxa2 39. Qc2+ Ka3 40. Nxd4 e5 41. Nb5+ Kb4 42. Qc4+ Ka5 43. Qa4# 1-0

[Event "Junior Online 4NCL Division 5"]
[Site "online"]
[Date "2021.02.18"]
[EventDate "2021.02.18"]
[Round "3.45"]
[White "Chung, Daniel"]
[WhiteElo "1482"]
[WhiteTeam "Young Dragons B"]
[Black "Ray, Ayush"]
[BlackElo "1771"]
[BlackTeam "Chess Challengers A"]
[Result "1-0"]
[PlyCount "71"]

1. d4 d5 2. c4 e6 3. Nf3 Nf6 4. Nc3 Bb4 5. Bg5 Nbd7 6. e3 h6 7. Bh4 g5 8. Bg3 Ne4 9. Qc2 Bxc3+ 10. bxc3 f5 11. cxd5 exd5 12. Ne5 Qf6 13. Nxd7 Bxd7 14. Be5 Qf8 15. Bxh8 Qxh8 16. f3 Nd6 17. Be2 O-O-O 18. Rb1 Qf6 19. Qb2 b6 20. Ba6+ Kb8 21. Qb3 Be6 22. a4 c6 23. a5 b5 24. Qa3 Nc4 25. Qc1 Nxa5 26. O-O Kc7 27. Bxb5 cxb5 28. Rxb5 Nc6 29. Rc5 Bd7 30. Qa3 Kb8 31. Rb1+ Ka8 32. Ra1 Qe6 33. Rxc6 Qxe3+ 34. Kh1 Kb7 35. Qa6+ Kb8 36. Qxa7# 1-0

[Event "Junior Online 4NCL Division 5"]
[Site "online"]
[Date "2021.02.18"]
[EventDate "2021.02.18"]
[Round "3.46"]
[White "Sidana, Rishabh"]
[WhiteElo "1660"]
[WhiteTeam "Chess Challengers A"]
[Black "Davies, Milo"]
[BlackElo "1421"]
[BlackTeam "Young Dragons B"]
[Result "1-0"]
[PlyCount "47"]

1. e4 d5 2. exd5 Qxd5 3. Nc3 Qa5 4. d4 Nf6 5. Nf3 Bf5 6. Bd2 Nc6 7. Bb5 Qb6 8. Qe2 a6 9. Na4 Qa7 10. Bxc6+ bxc6 11. Qc4 Qb7 12. Ne5 Bd7 13. Qxf7+ Kd8 14. Nc5 Qxb2 15. Ncxd7 Qxa1+ 16. Ke2 Qxh1 17. Nxf8 Kc8 18. Qe6+ Kb7 19. Qb3+ Kc8 20. Qe6+ Kb7 21. Qxc6+ Kb8 22. Nfd7+ Nxd7 23. Nxd7+ Ka7 24. Qxc7# 1-0

[Event "Junior Online 4NCL Division 5"]
[Site "online"]
[Date "2021.02.18"]
[EventDate "2021.02.18"]
[Round "3.47"]
[White "Challoner, Ethan"]
[WhiteElo "1300"]
[WhiteTeam "Young Dragons B"]
[Black "Gupta, Shourya"]
[BlackElo "1640"]
[BlackTeam "Chess Challengers A"]
[Result "1-0"]
[PlyCount "87"]

1. d4 Nf6 2. Bf4 d5 3. e3 e6 4. Nf3 Nc6 5. c3 Bd6 6. Bg3 Ne7 7. Bd3 c5 8. Nbd2 Qc7 9. Bc2 Ng6 10. e4 dxe4 11. Nxe4 Nxe4 12. Bxe4 cxd4 13. Nxd4 e5 14. Nf5 Bxf5 15. Bxf5 Ne7 16. Bc2 O-O 17. O-O f5 18. f3 Bc5+ 19. Bf2 Rad8 20. Qe2 Bxf2+ 21. Rxf2 Rd6 22. Qe3 Rfd8 23. Re2 Re6 24. Bb3 Nd5 25. Qxa7 Re7 26. Rd1 Red7 27. Red2 Kh8 28. Rxd5 Rxd5 29. Rxd5 Rxd5 30. Bxd5 h6 31. Qxb7 Qc5+ 32. Kh1 Qf2 33. h3 e4 34. Qc8+ Kh7 35. Qxf5+ Kh8 36. Qf8+ Kh7 37. Bxe4+ g6 38. Qf7+ Kh8 39. Bxg6 Qe1+ 40. Kh2 Qe5+ 41. f4 Qg7 42. Qxg7+ Kxg7 43. Bc2 Kf6 44. a4 1-0